000 00851nam a22002297a 4500
001 44212
003 BD-RjUL
005 20211209053821.0
008 160714s1977 bg ||||| |||| 00| 0 ben d
020 _c: TK 8.00
035 _a(BD-RjUL)44330
040 _aBD-RjUL
_bben
_cBD-RjUL
041 _aben
082 _223
_a016.297
_bBAN 1977
245 0 0 _aবাংলা ভাষায় ইসলামী পুস্তকের তালিকা /
260 _aঢাকা :
_bইসলামিক ফাউন্ডেশন,
_c১৯৭৭
300 _a১৯৪ পৃ. ;
_c২১ সেমি.
650 _aগ্রন্থপঞ্জি
_xইসলাম
_9135755
650 _aBibliography
_xIslam
_9127028
700 _aরাজ্জাক, মোঃ আবদুর, সংকলিত
_9135756
942 _2ddc
_cBK
999 _c44212
_d44212